Five Decade Movie Medley V Quiz Stats

 Plays Quiz Updated Jan 26, 2019

Support Sporcle.
Go Orange.
Score 0/25 Timer 07:00
2 Plays Today
Hint Answer % Correct
Dumbo
98.8%
Bambi
98.4%
Avatar
97.1%
E.T. the Extra-Terrestrial
96.7%
1940s Disney AnimationPinocchio
96.4%
King Kong
95.2%
Gladiator
94.8%
2000s Best VFX OscarLord of the Rings: The Fellowship of the Ring
94.8%
1980s Boys' AdventureThe Goonies
85.6%
Stand by Me
77.4%
Schindler's List
77%
The Curious Case of Benjamin Button
76.5%
1950s HitchcockRear Window
75.2%
Hint Answer % Correct
American History X
72.3%
North by Northwest
71.7%
1990s Black & WhiteClerks
60.3%
The Lost Boys
58%
Fantasia
53.7%
Vertigo
52.8%
Pleasantville
52.5%
Ed Wood
50.5%
Dial M for Murder
41.3%
Strangers on a Train
36.8%
The Adventures of Ichabod and Mr. Toad
14.2%
The Wizard
11.6%

You're not logged in!

Compare scores with friends on all Sporcle quizzes.
OR
Log In
Forgot?

From the Vault

Which Zelda Game?

by gingerlover

Gaming 4m
Your score is probably in part determined by how old you are.
Remove Ads.
Support Sporcle.
Get the best of Sporcle when you Go Orange. This ad-free experience offers more features, more stats, and more fun while also helping to support Sporcle. Thank you for becoming a member.

Show Comments

Extras

Top Quizzes Today


Score Distribution

Your Account Isn't Verified!

In order to create a playlist on Sporcle, you need to verify the email address you used during registration. Go to your Sporcle Settings to finish the process.

Report this User

Report this user for behavior that violates our Community Guidelines.

Details: